[Event "Titled Tuesday intern op 09th May Early"]
[Site "Chess.com INT"]
[Date "2023.05.09"]
[Round "8"]
[White "Llanos, Guillermo"]
[Black "Ramirez Arroyo, Joan Emmanuel"]
[Result "0-1"]
[WhiteElo "2290"]
[BlackElo "1941"]
[PlyCount "60"]
[EventDate "2023.05.09"]
[EventType "swiss (blitz)"]
[EventRounds "11"]
[EventCountry "USA"]
[SourceTitle "CBM 214 Extra"]
[Source "ChessBase"]
[SourceDate "2023.07.31"]
[SourceVersion "1"]
[SourceVersionDate "2023.07.31"]
[SourceQuality "1"]

1. Nf3 Nf6 2. g3 e6 3. Bg2 d5 4. 0-0 Be7 5. c4 c6 6. b3 0-0 7. Bb2 dxc4 8. bxc4 Qb6 9. Qc1 Nbd7 10. d4 Ne4 11. Nc3 Ndf6 12. Nxe4 Nxe4 13. Rd1 Qc7 14. e3 b6 15. Ne5 f5 16. a4 Bb7 17. a5 Bf6 18. a6 Bc8 19. f3 Bxe5 20. dxe5 Nc5 21. Rd6 Bxa6 22. Bd4 Nb3 23. Qb2 Nxa1 24. Qxa1 Bxc4 25. f4 Bd5 26. Bxd5 cxd5 27. Rxe6 Rac8 28. Kg2 Qc2+ 29. Kh3 Qe2 30. Qa4 Rc2 0-1

[Event "Titled Tuesday intern op 09th May Early"]
[Site "Chess.com INT"]
[Date "2023.05.09"]
[Round "10"]
[White "Ramirez Arroyo, Joan Emmanuel"]
[Black "Fajdetic, Hrvoje"]
[Result "1-0"]
[WhiteElo "1941"]
[BlackElo "2151"]
[PlyCount "85"]
[EventDate "2023.05.09"]
[EventType "swiss (blitz)"]
[EventRounds "11"]
[EventCountry "USA"]
[SourceTitle "CBM 214 Extra"]
[Source "ChessBase"]
[SourceDate "2023.07.31"]
[SourceVersion "1"]
[SourceVersionDate "2023.07.31"]
[SourceQuality "1"]

1. e4 c5 2. c3 d5 3. exd5 Qxd5 4. Nf3 Nf6 5. d4 Bg4 6. Be2 e6 7. 0-0 Nc6 8. Be3 Rd8 9. dxc5 Bxc5 10. Qxd5 Rxd5 11. Bxc5 Rxc5 12. Nbd2 0-0 13. Rfd1 Rd8 14. Nb3 Rcd5 15. h3 Bh5 16. Rxd5 Rxd5 17. Kf1 Kf8 18. Nbd4 Nxd4 19. Nxd4 Bxe2+ 20. Kxe2 e5 21. Nf5 g6 22. Ne3 Rb5 23. b3 a5 24. c4 Rc5 25. Rd1 Ke7 26. a3 Ne4 27. Kf3 f5 28. b4 axb4 29. axb4 Rc6 30. c5 Ke6 31. g4 b6 32. Rd8 Ng5+ 33. Kg2 bxc5 34. gxf5+ gxf5 35. Re8+ Kf6 36. Rf8+ Ke6 37. Rxf5 Ne4 38. b5 Rb6 39. Rh5 Rxb5 40. Rh6+ Ke7 41. Rxh7+ Kf8 42. Rc7 Nd6 43. Rc6 1-0

[Event "Panama op 3rd"]
[Site "Panama City"]
[Date "2013.11.02"]
[Round "3"]
[White "Ramirez Arroyo, Joan Emmanuel"]
[Black "Arias, Lemnys A"]
[Result "0-1"]
[WhiteElo "2020"]
[BlackElo "2329"]
[PlyCount "72"]
[EventDate "2013.10.30"]
[EventType "swiss"]
[EventRounds "9"]
[EventCountry "PAN"]
[SourceTitle "EXT 2014"]
[Source "ChessBase"]
[SourceDate "2013.11.20"]
[SourceVersion "1"]
[SourceVersionDate "2013.11.20"]
[SourceQuality "1"]

1. e4 c5 2. Nf3 d6 3. d4 cxd4 4. Nxd4 Nf6 5. Nc3 a6 6. Bd3 g6 7. 0-0 Bg7 8. Be2 0-0 9. Be3 Nc6 10. Nxc6 bxc6 11. e5 dxe5 12. Qxd8 Rxd8 13. Bb6 Rd7 14. Rfd1 Nd5 15. Na4 Rb7 16. Ba5 Bf5 17. Nc5 Rxb2 18. c4 Rxe2 19. cxd5 cxd5 20. Rxd5 e4 21. Rad1 Rxa2 22. Bd8 e6 23. Rd7 h5 24. Nb7 Ra1 25. Rxa1 Bxa1 26. Bc7 e5 27. Re7 Bd4 28. Nd8 Be6 29. Nxe6 fxe6 30. Rxe6 Kf7 31. Rc6 a5 32. Bd6 a4 33. Ba3 Rb8 34. g3 Rb3 35. Bc5 Rc3 36. Rc7+ Ke6 0-1

[Event "Panama op 3rd"]
[Site "Panama City"]
[Date "2013.11.02"]
[Round "4"]
[White "Ruiz Castillo, Joshua Daniel"]
[Black "Ramirez Arroyo, Joan Emmanuel"]
[Result "1-0"]
[WhiteElo "2399"]
[BlackElo "2020"]
[PlyCount "41"]
[EventDate "2013.10.30"]
[EventType "swiss"]
[EventRounds "9"]
[EventCountry "PAN"]
[SourceTitle "EXT 2014"]
[Source "ChessBase"]
[SourceDate "2013.11.20"]
[SourceVersion "1"]
[SourceVersionDate "2013.11.20"]
[SourceQuality "1"]

1. e4 c5 2. Nf3 Nc6 3. d4 cxd4 4. Nxd4 Nf6 5. Nc3 d6 6. Bg5 Qa5 7. Bxf6 gxf6 8. Nb3 Qd8 9. Qh5 Bg7 10. f4 0-0 11. 0-0-0 a6 12. a3 e5 13. Bc4 b5 14. Bd5 Bd7 15. fxe5 fxe5 16. Rhf1 Be8 17. Rd3 Ra7 18. g4 Ne7 19. Rh3 h6 20. Rf6 Bxf6 21. Qxh6 1-0